[Event "2nd Indonesia Open Chess Ch. 2012"]
[Site "Grand Sahid Jaya Hotel, Jakart"]
[Date "2012.10.17"]
[Round "9.3"]
[White "Tkachiev, Vladislav"]
[Black "Iordachescu, Viorel"]
[Result "1/2-1/2"]
[WhiteElo "2662"]
[BlackElo "2637"]
[PlyCount "66"]
[EventDate "2012.10.11"]

1. Nf3 Nf6 2. c4 c5 3. Nc3 e6 4. e3 d5 5. cxd5 exd5 6. d4 a6 7. g3 Nc6 8. Bg2
Be7 9. O-O O-O 10. dxc5 Bxc5 11. b3 Ba7 12. Bb2 d4 13. exd4 Nxd4 14. Ne4 Nxe4
15. Nxd4 Nf6 16. Qd2 Qb6 17. Qf4 Bb8 18. Qc1 Be5 19. Nc6 Bxb2 20. Ne7+ Kh8 21.
Qxb2 Be6 22. Qe5 Rae8 23. Nf5 Bc4 24. Qd6 Qxd6 25. Nxd6 Bxf1 26. Nxe8 Bxg2 27.
Nxf6 Bf3 28. Nd7 Re8 29. Nc5 g5 30. Nd3 Re2 31. Kf1 Rd2 32. Ne5 Bd5 33. Nc4
Bxc4+ 1/2-1/2

[Event "2nd Indonesia Open Chess Ch. 2012"]
[Site "Grand Sahid Jaya Hotel, Jakart"]
[Date "2012.10.17"]
[Round "9.4"]
[White "Fedorchuk, Sergey A"]
[Black "Ghaem Maghami, Ehsan"]
[Result "1-0"]
[WhiteElo "2647"]
[BlackElo "2557"]
[PlyCount "87"]
[EventDate "2012.10.11"]

1. e4 d5 2. exd5 Qxd5 3. Nc3 Qa5 4. d4 Nf6 5. Nf3 Bf5 6. Ne5 c6 7. Bd3 Bxd3 8.
Qxd3 Qa6 9. Qf3 Nbd7 10. Bg5 e6 11. Bxf6 Nxf6 12. g4 Bd6 13. Nxf7 Kxf7 14. g5
Qa5 15. gxf6 gxf6 16. O-O-O Qf5 17. Qe2 Rhg8 18. Ne4 Rad8 19. Kb1 Rg6 20. a3
Qg4 21. Qe3 Be7 22. f4 c5 23. d5 Rxd5 24. Rxd5 exd5 25. Nxc5 b6 26. Nd3 Qe6 27.
Qf2 Qf5 28. Re1 Rg8 29. Qd4 Rc8 30. Qe3 Bd6 31. Qe2 Rg8 32. Nb4 Kg7 33. Rg1+
Kh8 34. Rxg8+ Kxg8 35. Qg2+ Kf7 36. Nxd5 b5 37. h3 a6 38. b4 h5 39. Qf3 Ke6 40.
Nc3 Bxf4 41. Ne4 Qe5 42. Nc5+ Kf5 43. Qxh5+ Bg5 44. Qh7+ 1-0

[Event "2nd Indonesia Open Chess Ch. 2012"]
[Site "Grand Sahid Jaya Hotel, Jakart"]
[Date "2012.10.17"]
[Round "9.5"]
[White "Ganguly, Surya Shekhar"]
[Black "Nguyen, Duc Hoa"]
[Result "1-0"]
[WhiteElo "2610"]
[BlackElo "2494"]
[PlyCount "85"]
[EventDate "2012.10.11"]

1. e4 c5 2. Nf3 d6 3. d4 cxd4 4. Nxd4 Nf6 5. Nc3 g6 6. Be3 Bg7 7. f3 Nc6 8. Qd2
O-O 9. Bc4 Bd7 10. Bb3 Nxd4 11. Bxd4 b5 12. a4 b4 13. Nd5 Nxd5 14. Bxg7 Kxg7
15. exd5 a5 16. h4 e5 17. dxe6 Bxe6 18. O-O-O Bxb3 19. cxb3 Re8 20. h5 Qf6 21.
h6+ Kf8 22. Kb1 Rad8 23. Qf2 Re6 24. Rhe1 Rxe1 25. Rxe1 Re8 26. Rd1 Qf4 27. Qb6
Qxh6 28. Qxa5 Qh2 29. Qxb4 Qxg2 30. Qxd6+ Kg8 31. Qf6 h5 32. Rd7 Rf8 33. Ka2
Qf2 34. Rd4 Qe3 35. Rb4 Qc5 36. Rb5 Qf2 37. f4 h4 38. Rg5 Qf3 39. Qe5 Kh7 40.
f5 Kh6 41. Qf6 Rg8 42. Rg1 Qf2 43. Rg4 1-0

[Event "2nd Indonesia Open Chess Ch. 2012"]
[Site "Grand Sahid Jaya Hotel, Jakart"]
[Date "2012.10.17"]
[Round "9.6"]
[White "Bocharov, Dmitry"]
[Black "Pascua, Haridas"]
[Result "1-0"]
[WhiteElo "2603"]
[BlackElo "2350"]
[PlyCount "91"]
[EventDate "2012.10.11"]

1. c4 c5 2. Nf3 Nc6 3. Nc3 Nf6 4. d4 d6 5. d5 Na5 6. e4 g6 7. a3 b6 8. Bd3 Bg7
9. O-O O-O 10. h3 e5 11. b4 Nb7 12. Bc2 Nh5 13. Ba4 a5 14. bxc5 Nxc5 15. Bc6
Rb8 16. Rb1 f5 17. Bg5 Bf6 18. Be3 Nxe4 19. Nxe4 fxe4 20. Nd2 Bg5 21. Bxg5 Qxg5
22. Nxe4 Qe7 23. c5 Bf5 24. cxd6 Qh4 25. f3 Bxe4 26. fxe4 Qxe4 27. Qg4 Nf4 28.
Rbe1 Qd4+ 29. Kh2 Rf5 30. d7 Kg7 31. Qh4 Qd2 32. Qe7+ Kh6 33. d6 Rg5 34. Rg1
Rh5 35. h4 Qf2 36. Rh1 Ne6 37. Re4 Nc5 38. Rg4 Qf8 39. Re1 Nd3 40. Re3 Nf2 41.
Rc4 b5 42. Qxf8+ Rxf8 43. Bxb5 e4 44. Rc8 Ng4+ 45. Kg3 Rf7 46. Kxg4 1-0

[Event "2nd Indonesia Open Chess Ch. 2012"]
[Site "Grand Sahid Jaya Hotel, Jakart"]
[Date "2012.10.17"]
[Round "9.7"]
[White "Lu, Shanglei"]
[Black "Korneev, Oleg"]
[Result "0-1"]
[WhiteElo "2526"]
[BlackElo "2591"]
[PlyCount "26"]
[EventDate "2012.10.11"]

1. e4 e5 2. Nf3 Nc6 3. Bc4 Bc5 4. b4 Bb6 5. d4 d6 6. Bg5 Nge7 7. c3 h6 8. Bh4
g5 9. Bxg5 hxg5 10. Nxg5 d5 11. Bb3 Ng6 12. Nxf7 Kxf7 13. exd5 Nxd4 0-1

[Event "2nd Indonesia Open Chess Ch. 2012"]
[Site "Grand Sahid Jaya Hotel, Jakart"]
[Date "2012.10.17"]
[Round "9.8"]
[White "Gagunashvili, Merab"]
[Black "Dzhumaev, Marat"]
[Result "0-1"]
[WhiteElo "2584"]
[BlackElo "2516"]
[PlyCount "79"]
[EventDate "2012.10.11"]

1. d4 f5 2. g3 Nf6 3. Bg2 g6 4. c3 Bg7 5. Qb3 Nc6 6. Nf3 d6 7. Ng5 d5 8. Nh3 a5
9. a4 O-O 10. Nf4 e6 11. Nd2 Qe7 12. Nf3 b6 13. Nd3 Ba6 14. Qc2 Ne4 15. b3 Nb8
16. O-O c5 17. Ba3 Rc8 18. Rac1 Qe8 19. dxc5 bxc5 20. c4 dxc4 21. bxc4 Nc6 22.
Nxc5 Bf8 23. Nxe4 fxe4 24. Ng5 Bxa3 25. Ra1 Be7 26. Nxe4 Nd4 27. Qd1 Rxc4 28.
e3 Nf5 29. Qb3 Rb8 30. Qa2 Rbb4 31. Nd2 Bf6 32. Nxc4 Bxc4 33. Qd2 Bxf1 34. Rxf1
Qxa4 35. Rc1 Ne7 36. Bh3 Kf7 37. Rc7 Rb1+ 38. Kg2 Qe4+ 39. f3 Qd5 40. Qxd5 0-1

[Event "2nd Indonesia Open Chess Ch. 2012"]
[Site "Grand Sahid Jaya Hotel, Jakart"]
[Date "2012.10.17"]
[Round "9.9"]
[White "Lou, Yiping"]
[Black "Grigoryan, Avetik"]
[Result "1/2-1/2"]
[WhiteElo "2444"]
[BlackElo "2572"]
[PlyCount "60"]
[EventDate "2012.10.11"]

1. d4 d5 2. c4 c6 3. Nf3 Nf6 4. e3 Bg4 5. h3 Bxf3 6. Qxf3 e6 7. Nc3 Nbd7 8. Bd3
Bb4 9. O-O O-O 10. Bd2 Nc5 11. dxc5 dxc4 12. Ne4 Bxd2 13. Bxc4 Nxe4 14. Qxe4
Ba5 15. Rad1 Qe7 16. b4 Bc7 17. g3 Rfd8 18. Be2 g6 19. Kg2 a5 20. a3 axb4 21.
axb4 Ra2 22. Qc4 Rad2 23. Rxd2 Rxd2 24. Rd1 Rb2 25. Rc1 Qf6 26. Rc2 Rb1 27. Rc1
Rb2 28. Rc2 Rb1 29. Rc1 Rb2 30. Rc2 Rb1 1/2-1/2

[Event "2nd Indonesia Open Chess Ch. 2012"]
[Site "Grand Sahid Jaya Hotel, Jakart"]
[Date "2012.10.17"]
[Round "9.11"]
[White "Wang, Chen"]
[Black "Chatalbashev, Boris"]
[Result "1/2-1/2"]
[WhiteElo "2469"]
[BlackElo "2535"]
[Annotator "axioo"]
[PlyCount "57"]
[EventDate "2012.10.11"]

1. e4 g6 2. d4 Bg7 3. Nc3 d6 4. Nf3 Nf6 5. Be3 O-O 6. Qd2 c6 7. Bh6 Bg4 8. Bxg7
Kxg7 9. Ng5 b5 10. h3 Bc8 11. a3 e5 12. Be2 Nbd7 13. h4 h6 14. Nf3 Qe7 15. Rg1
Nb6 16. O-O-O Re8 17. dxe5 dxe5 18. Qd6 Ng4 19. Rgf1 Qb7 20. Nd2 Re6 21. Qd3
Nf6 22. Nb3 Qe7 23. Qe3 Nbd7 24. g4 Nh7 25. g5 hxg5 26. Bg4 Rd6 27. Rxd6 Qxd6
28. Bxd7 Qxd7 29. hxg5 {Unreadable notation. Game ended in 65 moves.} 1/2-1/2

[Event "2nd Indonesia Open Chess Ch. 2012"]
[Site "Grand Sahid Jaya Hotel, Jakart"]
[Date "2012.10.17"]
[Round "9.12"]
[White "Xu, Jun"]
[Black "Bitoon, Richard"]
[Result "1/2-1/2"]
[WhiteElo "2506"]
[BlackElo "2430"]
[PlyCount "64"]
[EventDate "2012.10.11"]

1. Nf3 Nf6 2. c4 e6 3. Nc3 d5 4. d4 Be7 5. Bg5 h6 6. Bxf6 Bxf6 7. e3 O-O 8. Rc1
c6 9. Bd3 Nd7 10. O-O dxc4 11. Bxc4 e5 12. h3 exd4 13. exd4 Nb6 14. Bb3 Bf5 15.
Re1 Qd6 16. Ne5 Rad8 17. Qf3 Bh7 18. Rcd1 Nd5 19. Bxd5 cxd5 20. Ng4 Bg5 21. Ne3
Qb4 22. Re2 Bxe3 23. Qxe3 Rd7 24. Qf4 Bg6 25. h4 Rfd8 26. Qg4 h5 27. Qf4 Qd6
28. Qg5 Kh7 29. Rde1 f6 30. Qd2 Kg8 31. Re6 Qb8 32. Re7 Qd6 1/2-1/2

[Event "2nd Indonesia Open Chess Ch. 2012"]
[Site "Grand Sahid Jaya Hotel, Jakart"]
[Date "2012.10.17"]
[Round "9.13"]
[White "Krasenkow, Michal"]
[Black "Wahono, Awam"]
[Result "1/2-1/2"]
[WhiteElo "2636"]
[BlackElo "2389"]
[PlyCount "127"]
[EventDate "2012.10.11"]

1. d4 g6 2. e4 Bg7 3. c4 d6 4. Nc3 Nc6 5. Be3 Nf6 6. h3 e5 7. d5 Ne7 8. g4 a6
9. Qd2 h6 10. a3 Nd7 11. h4 Ng8 12. Bd3 Ngf6 13. Nge2 Nc5 14. Bc2 a5 15. O-O-O
h5 16. gxh5 Nxh5 17. Bg5 Bf6 18. Rdg1 Bd7 19. f4 exf4 20. Nxf4 Qe7 21. Nd3
Nxd3+ 22. Bxd3 b6 23. Qf2 O-O-O 24. Kc2 Qe5 25. Be2 Bxg5 26. Rxg5 Qe7 27. Rf1
Rdf8 28. Bxh5 Rxh5 29. Rxh5 gxh5 30. Qf6 Kd8 31. Kd3 Qxf6 32. Rxf6 Ke7 33. Rh6
Bg4 34. Nb5 Kd7 35. Nd4 Rg8 36. Rh7 Ke7 37. Rh6 Kf8 38. Rf6 Bd7 39. Rf3 Rg2 40.
Ke3 Rg4 41. Kd3 Kg7 42. Nf5+ Bxf5 43. Rxf5 Rxh4 44. e5 dxe5 45. Rxe5 Rh2 46. b3
Kf8 47. Rf5 h4 48. Rh5 h3 49. Ke4 Kg7 50. Kf4 Kg6 51. Rh8 Rh1 52. Kg3 Ra1 53.
Rc8 Ra2 54. Kxh3 Rxa3 55. Kg4 Rxb3 56. Rxc7 Kf6 57. Kf4 a4 58. Rc6+ Ke7 59. Ke5
f6+ 60. Kd4 a3 61. Rc7+ Kd6 62. Rc6+ Ke7 63. Rc7+ Kd6 64. Rc6+ 1/2-1/2

[Event "2nd Indonesia Open Chess Ch. 2012"]
[Site "Grand Sahid Jaya Hotel, Jakart"]
[Date "2012.10.17"]
[Round "9.14"]
[White "Ehlvest, Jaan"]
[Black "Juswanto, Denny"]
[Result "1-0"]
[WhiteElo "2607"]
[BlackElo "2412"]
[Annotator "axioo"]
[PlyCount "72"]
[EventDate "2012.10.11"]

1. c4 Nf6 2. Nc3 e5 3. g3 Nc6 4. Bg2 Bb4 5. Nf3 O-O 6. O-O Bxc3 7. bxc3 d6 8.
d3 h6 9. e4 a6 10. a4 Rb8 11. Rb1 Bd7 12. Nh4 Re8 13. Rb2 Ne7 14. f4 exf4 15.
gxf4 b5 16. axb5 axb5 17. cxb5 Bxb5 18. c4 Bd7 19. Qd2 Nc6 20. Nf3 Nh5 21. Rxb8
Qxb8 22. Bb2 Qb4 23. Bc3 Qc5+ 24. Kh1 Rb8 25. Rg1 Rb3 26. f5 f6 27. Bf1 Kf8 28.
Be2 Be8 29. Bd1 Rb1 30. Qc2 Rb8 31. Qa2 Qe3 32. Ne1 g5 33. fxg6 Nf4 34. Bg4 Ne5
35. Bxe5 dxe5 36. g7+ Kg8 {Unreadable notation. Game ended in 56 moves.} 1-0

[Event "2nd Indonesia Open Chess Ch. 2012"]
[Site "Grand Sahid Jaya Hotel, Jakart"]
[Date "2012.10.17"]
[Round "9.16"]
[White "Xiu, Deshun"]
[Black "Tania, Sachdev"]
[Result "1-0"]
[WhiteElo "2525"]
[BlackElo "2401"]
[PlyCount "103"]
[EventDate "2012.10.11"]

1. Nf3 Nf6 2. c4 e6 3. Nc3 d5 4. d4 Be7 5. e3 O-O 6. b3 c5 7. Bb2 cxd4 8. exd4
b6 9. Bd3 Bb7 10. O-O Nc6 11. Rc1 Rc8 12. Re1 Re8 13. cxd5 Nxd5 14. Nxd5 Qxd5
15. Be4 Qd6 16. d5 exd5 17. Qxd5 Qxd5 18. Bxd5 Kf8 19. h4 h6 20. a3 Red8 21.
Be4 Na5 22. Bxb7 Rxc1 23. Rxc1 Nxb7 24. b4 a5 25. Rc4 axb4 26. axb4 Nd6 27. Rg4
Nf5 28. h5 Rd1+ 29. Kh2 Bd6+ 30. g3 Rb1 31. Bc3 Rb3 32. Rc4 b5 33. Rc8+ Ke7 34.
Nd2 Ra3 35. Ne4 Kd7 36. Rg8 f6 37. Bd2 Rd3 38. Bf4 Be7 39. g4 Rd4 40. f3 Nd6
41. Nxd6 Rxf4 42. Nf5 Bd6 43. Rxg7+ Ke6 44. Nxd6 Kxd6 45. Kg3 Rxb4 46. Rg6 Ke7
47. Rxh6 Rb1 48. Rh7+ Kf8 49. Kf4 Rb3 50. Rb7 Kg8 51. h6 b4 52. Kf5 1-0

[Event "2nd Indonesia Open Chess Ch. 2012"]
[Site "Grand Sahid Jaya Hotel, Jakart"]
[Date "2012.10.17"]
[Round "9.17"]
[White "Gomez, John Paul"]
[Black "Ardiansyah, H."]
[Result "1-0"]
[WhiteElo "2523"]
[BlackElo "2371"]
[PlyCount "77"]
[EventDate "2012.10.11"]

1. e4 c5 2. Nc3 Nc6 3. Bb5 g6 4. Bxc6 bxc6 5. f4 Bg7 6. Nf3 d6 7. O-O Rb8 8. d3
e6 9. e5 d5 10. Na4 Bf8 11. c4 Nh6 12. b3 Nf5 13. Qe2 h5 14. g3 Be7 15. Ba3 Qa5
16. Qe1 Rb4 17. Bxb4 cxb4 18. Rc1 dxc4 19. Rxc4 O-O 20. h3 Ba6 21. g4 Bxc4 22.
dxc4 hxg4 23. hxg4 Nh6 24. Qg3 Rd8 25. Qh3 Bf8 26. Kg2 Bg7 27. Kg3 c5 28. Qg2
Bf8 29. Rh1 Qc7 30. Qe2 Qe7 31. Nb2 a5 32. Nd3 Bg7 33. Nf2 a4 34. Ne4 axb3 35.
axb3 Ra8 36. Rxh6 Bxh6 37. Nf6+ Kf8 38. Qh2 Bg7 39. Ng5 1-0

[Event "2nd Indonesia Open Chess Ch. 2012"]
[Site "Grand Sahid Jaya Hotel, Jakart"]
[Date "2012.10.17"]
[Round "9.18"]
[White "Guo, Qi"]
[Black "Torre, Eugenio"]
[Result "1-0"]
[WhiteElo "2391"]
[BlackElo "2500"]
[PlyCount "97"]
[EventDate "2012.10.11"]

1. d4 Nf6 2. c4 c6 3. Nc3 d5 4. Nf3 dxc4 5. a4 Bf5 6. Ne5 Na6 7. e3 Nb4 8. Bxc4
e6 9. O-O Bd6 10. Qe2 h6 11. e4 Bh7 12. Rd1 O-O 13. Nd3 Nxd3 14. Bxd3 e5 15. d5
cxd5 16. exd5 Bxd3 17. Qxd3 a6 18. Be3 Ng4 19. Ne4 f5 20. Nxd6 Qxd6 21. Qa3 Qg6
22. Bc5 Rf7 23. d6 Rd8 24. Bb6 Rdd7 25. f3 Nf6 26. Rac1 e4 27. f4 Kh7 28. Rd2
Nh5 29. Be3 Rf6 30. Rcd1 Qg4 31. Rf1 Rg6 32. Rff2 Nf6 33. Bd4 e3 34. Qxe3 Ne4
35. Be5 Nxf2 36. Qxf2 Qh3 37. Bc3 Qh5 38. Be5 Rg4 39. Qf3 Qf7 40. h3 Rg6 41.
Qd3 h5 42. Rc2 h4 43. Rc7 Qe6 44. Qf3 Rxc7 45. dxc7 Qd7 46. Qh5+ Rh6 47. Qg5
Rc6 48. Qxh4+ Kg6 49. Qd8 1-0

[Event "2nd Indonesia Open Chess Ch. 2012"]
[Site "Grand Sahid Jaya Hotel, Jakart"]
[Date "2012.10.17"]
[Round "9.19"]
[White "Shyam, Sundar M"]
[Black "Hamdani, Rudin"]
[Result "0-1"]
[WhiteElo "2494"]
[BlackElo "2328"]
[PlyCount "76"]
[EventDate "2012.10.11"]

1. e4 c5 2. Nf3 e6 3. d4 cxd4 4. Nxd4 a6 5. Bd3 Qc7 6. O-O Nf6 7. Qe2 d6 8. c4
Be7 9. b3 O-O 10. Bb2 Nbd7 11. Nd2 b6 12. Rac1 Bb7 13. f4 Rfe8 14. Bb1 Bf8 15.
N2f3 g6 16. e5 dxe5 17. fxe5 Ng4 18. Rce1 Bg7 19. Nc2 Bxf3 20. gxf3 Ngxe5 21.
Ne3 Rad8 22. f4 Nc6 23. Bxg7 Kxg7 24. Qb2+ e5 25. Nd5 Qd6 26. f5 Nb4 27. f6+
Kh8 28. Nxb4 Qxb4 29. Qc1 Re6 30. Qg5 Qd6 31. Rd1 Qc7 32. Kh1 Qc6+ 33. Qg2 e4
34. Rd5 Rde8 35. Qf2 Kg8 36. Qd4 Nxf6 37. Rxf6 Rxf6 38. Bxe4 Rf4 0-1

[Event "2nd Indonesia Open Chess Ch. 2012"]
[Site "Grand Sahid Jaya Hotel, Jakart"]
[Date "2012.10.17"]
[Round "9.20"]
[White "Sitanggang, Salor"]
[Black "Wan, Yunguo"]
[Result "1/2-1/2"]
[WhiteElo "2367"]
[BlackElo "2477"]
[PlyCount "154"]
[EventDate "2012.10.11"]

1. d4 Nf6 2. c4 g6 3. Nf3 Bg7 4. Nc3 O-O 5. Bf4 d6 6. e3 Nbd7 7. h3 b6 8. Be2
Bb7 9. O-O Ne4 10. Nxe4 Bxe4 11. Nd2 Bb7 12. Bf3 Bxf3 13. Nxf3 e5 14. Bg3 e4
15. Nd2 f5 16. b4 Qe7 17. Rc1 a5 18. c5 bxc5 19. bxc5 dxc5 20. dxc5 Nxc5 21.
Nb3 Rfd8 22. Qe2 Nd3 23. Rxc7 Rd7 24. Rc6 a4 25. Nd2 Qf7 26. Rc4 Rad8 27. a3
Nf4 28. Bxf4 Rxd2 29. Qxd2 Rxd2 30. Rc8+ Qf8 31. Rxf8+ Bxf8 32. Rc1 Rd8 33. Rc6
g5 34. Bxg5 Rd1+ 35. Kh2 Bxa3 36. Ra6 Bd6+ 37. Bf4 Bxf4+ 38. exf4 Ra1 39. Ra5
Ra2 40. Kg3 a3 41. h4 Kg7 42. Ra7+ Kg6 43. Ra6+ Kg7 44. Ra7+ Kg6 45. Ra6+ Kg7
46. Ra7+ Kg6 47. Ra6+ Kg7 48. h5 h6 49. Rg6+ Kh7 50. Ra6 Ra1 51. Ra7+ Kg8 52.
Ra5 a2 53. Ra7 Kf8 54. Kh2 Ke8 55. Kg3 Kd8 56. Kh2 Kc8 57. Kg3 Kb8 58. Ra5 Kb7
59. Ra3 Kb6 60. Ra8 Kc5 61. Rc8+ Kb4 62. Rb8+ Kc3 63. Rc8+ Kd3 64. Rd8+ Ke2 65.
Ra8 Kf1 66. Ra3 Kg1 67. Ra5 Kh1 68. Kh3 Kg1 69. Kg3 Kh1 70. Kh3 Rg1 71. Rxa2
Rxg2 72. Ra1+ Rg1 73. Ra5 Rg2 74. Ra1+ Rg1 75. Ra5 Rg2 76. Ra1+ Rg1 77. Ra5 Rg2
1/2-1/2

[Event "2nd Indonesia Open Chess Ch. 2012"]
[Site "Grand Sahid Jaya Hotel, Jakart"]
[Date "2012.10.17"]
[Round "9.21"]
[White "Hoang, Thanh Trang"]
[Black "Purnama, Tirta Chandra"]
[Result "1-0"]
[WhiteElo "2470"]
[BlackElo "2384"]
[PlyCount "71"]
[EventDate "2012.10.11"]

1. d4 Nf6 2. Bg5 Ne4 3. Bf4 c5 4. f3 Nf6 5. dxc5 Na6 6. Nc3 Nxc5 7. Qd2 d6 8.
e4 Bd7 9. g4 Bc6 10. g5 Nfd7 11. b4 Ne6 12. b5 Nxf4 13. bxc6 bxc6 14. Qxf4 g6
15. Qe3 Bg7 16. Nge2 Qa5 17. f4 Nb6 18. h4 Nc4 19. Qd3 Qc5 20. Rb1 O-O 21. Rh3
Rfb8 22. Rb3 Rb4 23. Rxb4 Qxb4 24. Kf2 Rb8 25. Kg2 a5 26. a3 Nxa3 27. Na2 Qa4
28. Qxa3 Qxe4+ 29. Rf3 Rb2 30. Qxa5 Rxc2 31. Qa8+ Bf8 32. Nac3 Qf5 33. Kg3 Qc5
34. Qb7 d5 35. Qb1 Rd2 36. Qa1 1-0

[Event "2nd Indonesia Open Chess Ch. 2012"]
[Site "Grand Sahid Jaya Hotel, Jakart"]
[Date "2012.10.17"]
[Round "9.23"]
[White "Kasmiran"]
[Black "Gao, Rui"]
[Result "0-1"]
[WhiteElo "2310"]
[BlackElo "2443"]
[PlyCount "62"]
[EventDate "2012.10.11"]

1. d4 Nf6 2. Nf3 c5 3. c3 e6 4. g3 b6 5. Bg2 Bb7 6. O-O Be7 7. Bg5 d6 8. Nbd2
O-O 9. Re1 h6 10. Bxf6 Bxf6 11. e4 cxd4 12. Nxd4 Be7 13. a4 a6 14. b4 Nd7 15.
Qb3 Qc7 16. Rac1 Rac8 17. Bh3 Kh8 18. Bxe6 fxe6 19. Nxe6 Qb8 20. Nxf8 Rxf8 21.
Qe6 Qd8 22. Rcd1 Rf6 23. Qa2 Qe8 24. Qc4 Ne5 25. Qc7 Ba8 26. f4 Ng6 27. Qxb6
Nxf4 28. gxf4 Rxf4 29. Re3 Bh4 30. Re2 Qg6+ 31. Kh1 Rxe4 0-1

[Event "2nd Indonesia Open Chess Ch. 2012"]
[Site "Grand Sahid Jaya Hotel, Jakart"]
[Date "2012.10.17"]
[Round "9.24"]
[White "Gordon, Stephen J"]
[Black "Sukandar, Irine Kharisma"]
[Result "1-0"]
[WhiteElo "2556"]
[BlackElo "2362"]
[PlyCount "130"]
[EventDate "2012.10.11"]

1. d4 Nf6 2. c4 e6 3. Nf3 b6 4. Nc3 Bb4 5. Bg5 Bb7 6. Nd2 h6 7. Bh4 Be7 8. e4
d6 9. Bg3 O-O 10. Bd3 Nc6 11. d5 Nd4 12. Ne2 Nxe2 13. Qxe2 Nd7 14. O-O Nc5 15.
Bc2 Bf6 16. Rab1 a5 17. Rfd1 Qe7 18. Qf3 Be5 19. Nf1 f5 20. exf5 exf5 21. Bf4
Qh4 22. Bxe5 dxe5 23. b3 Rad8 24. a3 Qg5 25. Qg3 Qf6 26. b4 axb4 27. axb4 Nd7
28. c5 bxc5 29. bxc5 Ba6 30. Qa3 Bxf1 31. Kxf1 Qh4 32. c6 Nf6 33. Kg1 Kh8 34.
d6 cxd6 35. Bxf5 Ne8 36. g3 Qf6 37. Bh3 Qxf2+ 38. Kh1 Nc7 39. Qa5 Ra8 40. Qd2
Ra2 41. Qxf2 Rfxf2 42. Kg1 Rxh2 43. Rb8+ Kh7 44. Bf5+ g6 45. Be4 Rhe2 46. Rb7
Rxe4 47. Rxc7+ Kg8 48. Rb1 Ra8 49. Rd7 Rc4 50. c7 Rf8 51. Rb8 Rc1+ 52. Kg2 Rc2+
53. Kh3 e4 54. Rxf8+ Kxf8 55. Rd8+ Ke7 56. c8=Q Rxc8 57. Rxc8 Ke6 58. Kg4 Ke5
59. Re8+ Kd4 60. Re6 d5 61. Rxg6 Ke3 62. Rxh6 d4 63. Kf5 d3 64. Re6 d2 65.
Rxe4+ Kd3 1-0

[Event "2nd Indonesia Open Chess Ch. 2012"]
[Site "Grand Sahid Jaya Hotel, Jakart"]
[Date "2012.10.17"]
[Round "9.25"]
[White "Paragua, Mark"]
[Black "Novita, Anjas"]
[Result "1-0"]
[WhiteElo "2540"]
[BlackElo "2339"]
[PlyCount "105"]
[EventDate "2012.10.11"]

1. d4 Nf6 2. c4 e6 3. Nc3 Bb4 4. Qc2 O-O 5. e4 Bxc3+ 6. bxc3 d6 7. e5 dxe5 8.
dxe5 Nfd7 9. Nf3 f5 10. exf6 Nxf6 11. Ba3 Re8 12. Rd1 Nbd7 13. Bd3 c5 14. Ng5
g6 15. Bxg6 Re7 16. Be4 Qc7 17. O-O Ne5 18. Bc1 Bd7 19. f4 Nxc4 20. Qd3 Bb5 21.
f5 Nd6 22. c4 Bxc4 23. Qxd6 Qxd6 24. Rxd6 Bxf1 25. Kxf1 Nxe4 26. Nxe4 exf5 27.
Nf6+ Kf7 28. Nd5 Re4 29. Rf6+ Kg8 30. Rxf5 Rf8 31. Nf6+ Kg7 32. Bb2 Kg6 33. Rf3
Rb4 34. Bc3 Ra4 35. Rg3+ Kf5 36. Nxh7 Rc8 37. Rf3+ Rf4 38. Kf2 b5 39. Ng5 Rxf3+
40. Nxf3 b4 41. Bd2 a5 42. Ke3 c4 43. Nd4+ Ke5 44. g4 c3 45. Bc1 a4 46. Kd3 a3
47. Nc2 Rd8+ 48. Kc4 Rd1 49. Bh6 Rd2 50. Bxd2 cxd2 51. Ne3 Ke4 52. Nd1 Kf3 53.
Kxb4 1-0

[Event "2nd Indonesia Open Chess Ch. 2012"]
[Site "Grand Sahid Jaya Hotel, Jakart"]
[Date "2012.10.17"]
[Round "9.26"]
[White "Dao, Thien Hai"]
[Black "Halay, Taufik"]
[Result "1-0"]
[WhiteElo "2523"]
[BlackElo "2366"]
[PlyCount "87"]
[EventDate "2012.10.11"]

1. d4 d5 2. c4 c6 3. Nf3 e6 4. e3 f5 5. Bd3 Nf6 6. Qc2 Be7 7. b3 O-O 8. Bb2 Bd7
9. Nbd2 Be8 10. O-O Bh5 11. Ng5 Qd6 12. c5 Qd7 13. f3 Na6 14. Bc3 Nc7 15. a4 h6
16. Nh3 g5 17. b4 a6 18. Rab1 Rf7 19. Nb3 Rg7 20. Kh1 Rb8 21. Na5 Be8 22. Be1
Nh5 23. Rb2 Bd8 24. Be2 g4 25. fxg4 fxg4 26. Nf2 Nf6 27. Qd1 g3 28. Nd3 Ne4 29.
Ne5 Qe7 30. Rf4 Qg5 31. Bf3 h5 32. Bxe4 dxe4 33. Bxg3 Nd5 34. Nac4 Bc7 35. Qe1
Bg6 36. Nd6 Nxf4 37. Bxf4 Qf6 38. Nec4 Re7 39. h4 Kh7 40. Be5 Qf8 41. Rf2 Qh6
42. Rf6 Rg8 43. Qf2 Bd8 44. Nxe4 1-0

[Event "2nd Indonesia Open Chess Ch. 2012"]
[Site "Grand Sahid Jaya Hotel, Jakart"]
[Date "2012.10.17"]
[Round "9.28"]
[White "Cao, Sang"]
[Black "Sinurat, Tumpak"]
[Result "1/2-1/2"]
[WhiteElo "2514"]
[BlackElo "2258"]
[PlyCount "65"]
[EventDate "2012.10.11"]

1. d4 Nf6 2. Bg5 Ne4 3. Bf4 e6 4. e3 b6 5. Bd3 Bb7 6. Nf3 Be7 7. Nbd2 f5 8. c4
O-O 9. O-O Na6 10. a3 d6 11. h3 c5 12. d5 Nxd2 13. Nxd2 exd5 14. cxd5 Nc7 15.
Bg3 Kh8 16. e4 fxe4 17. Bxe4 Bxd5 18. Bxd5 Nxd5 19. Ne4 Nf4 20. Qg4 Qc8 21.
Qxc8 Raxc8 22. Rfe1 d5 23. Bxf4 dxe4 24. Rxe4 Bf6 25. Be5 Kg8 26. Bxf6 Rxf6 27.
Rd1 Rf7 28. f4 h6 29. Kf2 c4 30. Ke3 c3 31. bxc3 Rxc3+ 32. Rd3 Rfc7 33. Red4
1/2-1/2

[Event "2nd Indonesia Open Chess Ch. 2012"]
[Site "Grand Sahid Jaya Hotel, Jakart"]
[Date "2012.10.17"]
[Round "9.29"]
[White "Suyud, Hartoyo"]
[Black "Barus, Cerdas"]
[Result "0-1"]
[WhiteElo "2178"]
[BlackElo "2400"]
[PlyCount "68"]
[EventDate "2012.10.11"]

1. d4 Nf6 2. Nf3 d5 3. Bg5 c6 4. Nbd2 Qb6 5. Qc1 Bf5 6. e3 e6 7. c4 Nbd7 8. Be2
h6 9. Bh4 g5 10. Bg3 Nh5 11. c5 Qd8 12. b4 Nxg3 13. hxg3 Bg7 14. Qc3 Qc7 15.
Bd3 Bxd3 16. Qxd3 a5 17. Qc3 axb4 18. Qxb4 g4 19. Nh2 h5 20. O-O O-O 21. a4 f5
22. Rfb1 Ra7 23. Nhf1 Bf6 24. f4 Kf7 25. Kf2 Rb8 26. a5 Rc8 27. Nb3 Qd8 28.
Nfd2 Qh8 29. Rh1 Bd8 30. Ke2 Nf6 31. Ra4 Bc7 32. Ra2 Qd8 33. Raa1 Kg6 34. Rhb1
h4 0-1

[Event "2nd Indonesia Open Chess Ch. 2012"]
[Site "Grand Sahid Jaya Hotel, Jakart"]
[Date "2012.10.17"]
[Round "9.31"]
[White "Tunasly, Kifly"]
[Black "Supriyono, Eko"]
[Result "0-1"]
[WhiteElo "2376"]
[BlackElo "2253"]
[PlyCount "110"]
[EventDate "2012.10.11"]

1. e4 e5 2. Nf3 Nc6 3. Nc3 d6 4. d4 exd4 5. Nxd4 Bd7 6. Be3 Nf6 7. Be2 Be7 8.
O-O O-O 9. f4 Nxd4 10. Bxd4 Bc6 11. Qd3 Nd7 12. Qg3 Bf6 13. e5 Bh4 14. Qh3 dxe5
15. fxe5 Qe7 16. Bd3 g6 17. g3 Bg5 18. Rae1 Nc5 19. Bc4 Rad8 20. e6 f5 21. Be3
Bxe3+ 22. Rxe3 Rd4 23. Rf4 Ne4 24. Nxe4 Bxe4 25. Bb3 Rd1+ 26. Rf1 Rfd8 27. Qh6
R1d2 28. Rf2 Bxc2 29. Rxd2 Rxd2 30. Qh4 Kf8 31. Qc4 Bxb3 32. Qxb3 c5 33. Qc3
Rd4 34. b4 b6 35. a4 Qd6 36. e7+ Ke8 37. bxc5 Qxc5 38. Qxc5 bxc5 39. Re5 Rxa4
40. Rxc5 Rd4 41. Rc8+ Kxe7 42. Rh8 a5 43. Rxh7+ Kf6 44. Ra7 Ra4 45. Kg2 Kg5 46.
Ra6 Ra1 47. h4+ Kh5 48. Kf2 a4 49. Kg2 a3 50. Kf2 Kg4 51. Rxg6+ Kh3 52. h5 a2
53. Ra6 Rh1 54. Kf3 Rf1+ 55. Ke3 a1=Q 0-1

[Event "2nd Indonesia Open Chess Ch. 2012"]
[Site "Grand Sahid Jaya Hotel, Jakart"]
[Date "2012.10.17"]
[Round "9.32"]
[White "Marentek, Hanny"]
[Black "Farid, Firman Syah"]
[Result "1/2-1/2"]
[WhiteElo "2232"]
[BlackElo "2326"]
[PlyCount "64"]
[EventDate "2012.10.11"]

1. d4 g6 2. e4 Bg7 3. Bc4 d6 4. c3 Nf6 5. f3 d5 6. Bd3 c5 7. dxc5 dxe4 8. fxe4
Qc7 9. Nd2 O-O 10. Ngf3 Nbd7 11. Nb3 Ng4 12. Qe2 Rd8 13. Be3 Nxe3 14. Qxe3 a5
15. a4 Ne5 16. Nxe5 Bxe5 17. g3 Be6 18. Ra3 h5 19. Be2 Rab8 20. O-O b6 21. Bb5
Bh3 22. Re1 h4 23. gxh4 Bxh2+ 24. Kh1 Qg3 25. Qxg3 Bxg3 26. Rb1 bxc5 27. Raa1
Bxh4 28. Rd1 Bg4 29. Rf1 f5 30. exf5 gxf5 31. Nxc5 Rd2 32. Na6 Rf8 {
Unreadable notation. Game ended in 60 moves.} 1/2-1/2